5HLuxD.jpg

KING HENRY VIII SENIOR AND PRIMARY SCHOOL LIBRARY OPAC

The Usborne encyclopedia of world religions / (Record no. 216)

000 -LEADER
fixed length control field 01457pam a2200433 i 4500
001 - CONTROL NUMBER
control field 020337504
003 - CONTROL NUMBER IDENTIFIER
control field UkOxU
005 - DATE AND TIME OF LATEST TRANSACTION
control field 20190801111155.0
008 - FIXED-LENGTH DATA ELEMENTS--GENERAL INFORMATION
fixed length control field 141114s2015 enkab j 000|0|eng|d
015 ## - NATIONAL BIBLIOGRAPHY NUMBER
National bibliography number GBB501318
Source bnb
016 7# - NATIONAL BIBLIOGRAPHIC AGENCY CONTROL NUMBER
Record control number 017001346
Source Uk
020 ## - INTERNATIONAL STANDARD BOOK NUMBER
International Standard Book Number 9781409583004 (pbk.) :
035 ## - SYSTEM CONTROL NUMBER
System control number (Uk)017001346
040 ## - CATALOGING SOURCE
Original cataloging agency StDuBDS
Language of cataloging eng
Transcribing agency StDuBDS
Modifying agency Uk
Description conventions rda
042 ## - AUTHENTICATION CODE
Authentication code ukblcatcopy
082 04 - DEWEY DECIMAL CLASSIFICATION NUMBER
Classification number 200.9 MER
Edition number 23
100 1# - MAIN ENTRY--PERSONAL NAME
Personal name Meredith, Susan,
Dates associated with a name 1951-
Relator term author.
240 10 - UNIFORM TITLE
Uniform title Usborne Internet-linked encyclopedia of world religions
245 14 - TITLE STATEMENT
Title The Usborne encyclopedia of world religions /
Statement of responsibility, etc. Susan Meredith & Clare Hickman
246 30 - VARYING FORM OF TITLE
Title proper/short title Encyclopedia of world religions
246 30 - VARYING FORM OF TITLE
Title proper/short title World religions
250 ## - EDITION STATEMENT
Edition statement Revised edition /
Remainder of edition statement Susan Meredith and Clare Hickman ; edited by Kirsteen Robson.
264 #1 - PRODUCTION, PUBLICATION, DISTRIBUTION, MANUFACTURE, AND COPYRIGHT NOTICE
Place of production, publication, distribution, manufacture London :
Name of producer, publisher, distributor, manufacturer Usborne,
Date of production, publication, distribution, manufacture, or copyright notice [2015]
300 ## - PHYSICAL DESCRIPTION
Extent 127 pages :
Other physical details illustrations (black and white, and colour), maps (colour) ;
Dimensions 28 cm
336 ## - CONTENT TYPE
Content type term text
Source rdacontent
336 ## - CONTENT TYPE
Content type term still image
Source rdacontent
336 ## - CONTENT TYPE
Content type term cartographic image
Source rdacontent
337 ## - MEDIA TYPE
Media type term unmediated
Source rdamedia
338 ## - CARRIER TYPE
Carrier type term volume
Source rdacarrier
500 ## - GENERAL NOTE
General note Previous edition: 2010.
500 ## - GENERAL NOTE
General note Formerly CIP.
Institution to which field applies Uk
521 1# - TARGET AUDIENCE NOTE
Target audience note 8+.
521 2# - TARGET AUDIENCE NOTE
Target audience note Key Stage 2.
650 #0 - SUBJECT ADDED ENTRY--TOPICAL TERM
Topical term or geographic name entry element Religions
Form subdivision Juvenile literature.
700 1# - ADDED ENTRY--PERSONAL NAME
Personal name Hickman, Clare,
Relator term author.
700 1# - ADDED ENTRY--PERSONAL NAME
Personal name Robson, Kirsteen,
Relator term editor.
942 ## - ADDED ENTRY ELEMENTS (KOHA)
Source of classification or shelving scheme
Koha item type Books - Non Ficton
Holdings
Withdrawn status Lost status Source of classification or shelving scheme Damaged status Not for loan Collection code Permanent Location Current Location Shelving location Date acquired Total Checkouts Full call number Barcode Date last seen Date last checked out Price effective from Koha item type
          Non-Fiction KH8 Senior School Library KH8 Senior School Library Non Fiction 2019-08-01 1 200.9 MER 3KHSL000100103 2024-02-22 2024-02-07 2019-08-01 Books - Non Ficton

Powered By KH8 IT Dept